Sử học Việt Nam trên đường phát triển
Những kết quả nghiên cứu về dân tộc, xã hội, văn hoá, truyền thống chống ngoại xâm, về giai cấp công nhân...của ngành khoa học lịch sử Việt Nam
Đã lưu trong:
| 其他作者: | |
|---|---|
| 格式: | 圖書 |
| 語言: | Vietnamese |
| 出版: |
H.
Khoa học xã hội
1981
|
| 主題: | |
| 標簽: |
添加標簽
沒有標簽, 成為第一個標記此記錄!
|
| Thư viện lưu trữ: | Mạng thư viện Đại học Đà Nẵng |
|---|
| LEADER | 01422nam a2200349 4500 | ||
|---|---|---|---|
| 001 | 000009874 | ||
| 003 | 6072 | ||
| 005 | 20111103141121.0 | ||
| 008 | 111103s1981 viesd | ||
| 020 | |c 15đ | ||
| 041 | 0 | |a vie | |
| 082 | |a 959.7 |b Sưh | ||
| 245 | 0 | |a Sử học Việt Nam trên đường phát triển |c Văn Tạo. Lê Văn Lan. Phan Huy Lê... | |
| 260 | |a H. |b Khoa học xã hội |c 1981 | ||
| 300 | |a 282tr |c 19 cm | ||
| 500 | |a Uỷ ban khoa học xã hội Việt Nam - Viện Sử học | ||
| 520 | |a Những kết quả nghiên cứu về dân tộc, xã hội, văn hoá, truyền thống chống ngoại xâm, về giai cấp công nhân...của ngành khoa học lịch sử Việt Nam | ||
| 653 | |a Sử liệu học | ||
| 653 | |a Việt Nam | ||
| 653 | |a khoa học lịch sử | ||
| 700 | |a Văn Tạo |a Lê Văn Lan |a Cao Văn Lượng |a Trương Hữu Quýnh |a Nguyễn Hồng Phong |a Phan Huy Lê |e Tác giả | ||
| 910 | |a duyên | ||
| OWN | |a LSP | ||
| AVA | |a UDN50 |b LSP |d 959.7 Sưh |e unavailable |t Error 5002 Not defined in file expand_doc_bib_avail. |f 2 |g 2 |h N |i 0 |k 1 | ||
| 999 | |a From the UDN01 | ||
| AVA | |a UDN50 |b LSP |d 959.7 Sưh |e unavailable |t Error 5002 Not defined in file expand_doc_bib_avail. |f 2 |g 2 |h N |i 0 |k 1 | ||
| TYP | |a Monograph | ||
| TYP | |a Printed language | ||
| 980 | |a Mạng thư viện Đại học Đà Nẵng | ||